| 000 | 01333nam a2200277Ia 4500 | ||
|---|---|---|---|
| 999 |
_c4039 _d4039 |
||
| 003 | OSt | ||
| 005 | 20200609183407.0 | ||
| 008 | 191128s1964 ck a gr 000 0 spa d | ||
| 040 |
_aCO-JMCR _cCO-JMCR |
||
| 041 | 0 | _aspa | |
| 082 | 0 | 4 |
_a330.122 / _bD632c _223 |
| 100 | 1 |
_aDobb, Maurice Herbert, 1900-1981, _eautor _95301 |
|
| 245 | 1 | 0 |
_aCapitalismo, crecimiento económico y desarrollo / _c Maurice Herbert Dobb, ; Traducido por Antonio Casahuga |
| 250 | _aPrimera edición | ||
| 260 |
_aBarcelona : _bOccidente, _c1964 |
||
| 300 |
_a144 páginas : _bcuadros ; _c21 cm. |
||
| 490 | 0 |
_aLibros de econimía oikos ; _v2 |
|
| 505 | _a¿Qué es el capitalismo? -- Cómo nacío el capitalismo -- Competencia y monopolio -- La tendencia decreciente de la tasa de ganacia y la participación del trabajo -- Las crisis económica -- Desde la segunda guerra mundial | ||
| 520 | _a El objetivo de Dobb en el libro que publicamos es analizar, desde un punto de vista progresista, cuáles son las principales características del sistema capitalista y sus cambios después de la segunda guerra mundial. | ||
| 534 | _pCapitalism yesterday and today | ||
| 546 | _aTraducido del inglés. | ||
| 650 | 1 | 4 |
_aCapitalismo _95302 |
| 650 | 2 | 4 |
_a Economía Subdesarrollo _95303 |
| 700 | 1 |
_aCasahuga, Antonio, _etraductor _95304 |
|
| 942 |
_2ddc _cBK |
||